000 00306 a2200145 4500
001 169668
020 _a
040 _cMagnum
100 _aMinisterio da Educacao e Cultura
240 1 0 _a2 Anos da tv escola
_lpor
245 1 0 _a2 Anos da tv escola
362 0 _a1899
697 _aENSINO
942 _cBK
999 _c169668
_d169668